| 000 | 00950cam a22002651 4500 | ||
|---|---|---|---|
| 001 | 9591 | ||
| 003 | BD-RjUL | ||
| 005 | 20211208234813.0 | ||
| 008 | 140121s1963 pk a 00 0 eng d | ||
| 035 | _a(BD-RjUL)9636 | ||
| 040 |
_aBD-RjUL _cBD-RjUL _beng |
||
| 041 | _aeng | ||
| 082 |
_a332.609549 _bHAS 1963 |
||
| 090 |
_aHC440.5.Z9 _bS34 |
||
| 100 | 1 |
_aHabibullah, M. _920300 |
|
| 245 | 1 | 0 |
_aSome aspects of rural capital formation in East Pakistan _b[by] M. Habibullah, project director [and] A. Farouk, project supervisor. |
| 260 |
_a[Dacca] _bBureau of Economic Research, Dacca University, _c1963. |
||
| 300 |
_aii, 122 p. _billus., map. _c25 cm. |
||
| 500 | _a"An outgrowth of the [author's] study on Pattern of agricultural unemployment." | ||
| 500 | _aBibliography: p. [121]-122. | ||
| 650 | 0 |
_aSaving and investment _zPakistan. _929706 |
|
| 651 | 0 |
_aPakistan _xEconomic conditions. _929707 |
|
| 700 | 1 |
_aFarouk, A. _98876 |
|
| 942 |
_2ddc _cBK |
||
| 999 |
_c9591 _d9591 |
||